Statistics for Countries with the tallest bridges

Click here to take the quiz!

General Stats

  • This quiz has been taken 77 times
  • The average score is 14 of 20

Answer Stats

MetersCountry% Correct
227.4United States
97%
343France
96%
306China
96%
298.3Japan
91%
192Spain
88%
182Brazil
85%
178Germany
84%
320.9Russia
82%
203.5Sweden-Denmark
79%
241.8Mexico
76%
270South Korea
69%
190.5Portugal
66%
200.5Norway
63%
183.5Taiwan
56%
175.5Saudi Arabia
53%
188Thailand
53%
175.3Vietnam
47%
254Denmark
44%
184Panama
26%
200Serbia
12%

Score Distribution

Percentile by Number Answered

Percent of People with Each Score

Your Score History

You have not taken this quiz